000 00450nam a2200181Ia 4500
001 8659
005 20260306160626.0
008 260306t1997||||xx |||||||||||||| ||spa||
041 _aESP
082 _a371.26
_bG23
100 _aGarcía Alvarez, Jesús
_eAUT
245 0 _aEvaluación de la formación:
_bmarcos de referencia
260 _c1997
300 _a174 páginas :
_c22 cm.
650 _aGEN
654 _aCED
942 _cLIB
_dJUS
_fJUS
_2ddc
_n
999 _c8659
_d8659